000 01921cam a22005414i 4500
003 PE-LiUPU
005 20250731165623.0
008 150616s r 000 0 d
035 _a(Sirsi) a6153
035 _a(Sirsi) a6153
040 _aPE-LiUPU
_bspa
_cPE-LiUPU
_erda
049 _aPRUA
082 0 4 _a220.602
_bB97
_221
100 1 _aButtrick, George Arthur,
_eautor.
245 1 0 _aNew Testament Articles Matthew Mark.
_n7 /
_cGeorge Athur Buttrick.
264 1 _aNashville :
_bAbingdon Press,
_c1951.
300 _a917 páginas :
_bIlustraciones ;
_c25 cm.
336 _atext
_2rdacontent
337 _aunmediated
_2rdamedia
338 _avolume
_2rdacarrier
490 0 _aThe Interpreter's Bible ;
_v7
505 0 _aGeneral articcles on the New Testament -- The gospel according to St. Mattew -- The gospel according to St. Mark -- Maps.
526 _aSEG44
526 _aSEG26
526 _aP151
526 _aP150
526 _aP149
526 _aP146
526 _aP145
526 _aP126
526 _aP125
526 _aP92
526 _aP75
526 _aP74
526 _aP27
526 _aP15
630 _aBiblia.
_pN.T.
_pMateo
_xComentarios.
630 _aBiblia.
_pN.T.
_pMarcos
_xComentarios.
700 1 _aRussell B., Walter
700 1 _aSccherer, Paul.
910 _ajck
_bjvq
_cjck
942 _2ddc
_cBOOK
949 _aRC 220.602 B97 7
_wDEWEY
_c1
_i08205
_lRC
_mBUL
_r0
_sY
_tBOOK
_u2015-6-16
_xTEOLOGIA
_zUNKNOWN
_0COMPRA
_o.CIRCNOTE. No olvidar cambiar la fecha de devolución!!!!!!!
_o.STAFF. Colección General
994 _aC0
_bPEPRU
596 _a1
999 _aRC 220.602 B97 7
_wDEWEY
_c57256
_i08205
_f2021-11-8
_g6
_lCCODEBUL1
_mBUL
_r1
_sY
_tBOOK
_u2015-6-16
_xTEOLOGIA
_zUNKNOWN
_0COMPRA
_o.CIRCNOTE. No olvidar cambiar la fecha de devolución!!!!!!!
_o.STAFF. Colección General
_d57256
980 _81
_gALBERTO SANCHEZ Responsable de Automatización